00955 2200349 4500001002100000005001500021035002500036007000300061008004100064020002200105040001700127082001700144084001900161090002300180090002100203100003100224245006200255250001000317260003600327300002500363650002000388700003400408850001200442041000800454999002100462990002100483990002000504990002000524990002100544990002000565990002000585INLIS00000000002809620191218110303 a0010-061700000000004ta170602s2017 yoi g 1 ind d a978-602-61160-9-3 aYOPDYOGbind04223a899.2213 a899.2213 IYE m aDEP 899.2213 IYE m aCB-D.11 2017-2050 aIyesari,d1987-ePengarang1 aMy happy ending /cIyesari; penyunting, Muhajjah Saratini aCet.13 aYogyakarta :bDiva Press,c2017 a484 halaman ;c20 cm 4aFiksi Indonesia0 aMuhajjah SaratiniePenyunting aYOPDYOG aind aCB-D.11/2017-205 aCB-D.11/2017-205 a64666-PD/A.2019 a64667-PD/A.2019 aCB-D.11/2017-205 a64666-PD/A.2019 a64667-PD/A.2019